Ryan Trahan - Top 50 Airbnbs (50 States in 50 Days) - Statistics

General Stats
  • This quiz has been taken 66 times
    28 since last reset
  • The average score is 12 of 50
Answer Stats
State Airbnb % Correct
Texas The Nut House
95%
New Mexico Missile Silo
67%
Arizona Frank Lloyd Wright House
62%
Idaho Big Idaho Potato Hotel
48%
Alabama Storybook Castle
48%
Massachusetts The Lighthouse
48%
Florida The Container Home
43%
California Castle in LA
38%
Michigan Frank Lloyd Wright Design House
38%
Utah Outpost X (Star Wars)
33%
Indiana Peaceful Cabin
33%
Nebraska The Corny Cabin
33%
Maine The Fox Treehouse
33%
Oklahoma Treetopia Treehouse
33%
Kentucky Goat Farm
29%
New Jersey Private Island
29%
Kansas The Kansas Dome
29%
Iowa The Pyramid House
29%
Washington The Spaceship
29%
North Carolina The Yacht
29%
Virginia A-Frame Cabin
24%
Missouri Earthouse Retreat
24%
Pennsylvania The Dome
24%
Rhode Island The Fairy House (Haunted House)
24%
Nevada Vegas Penthouse
24%
Louisiana Big Money Mansion
19%
West Virginia Sports Cabin
19%
New Hampshire The Lil' Red Caboose
19%
Mississippi The Poolhouse
19%
Wisconsin WWII Plane
19%
Arkansas Nuclear Missile Complex
14%
Illinois The Giga Factory
14%
Delaware Tiny House
14%
New York Willow Treehouse
14%
South Carolina Charleston Waterfront House
10%
Oregon Garden House
10%
Vermont Glass Tiny House
10%
South Dakota Hillview Hut
10%
Georgia Lookout Tower
10%
Maryland Modern Barn
10%
Tennessee Private Mountain
10%
Wyoming Snowflake Cabin
10%
Ohio The Box
10%
Connecticut The River Loft
10%
Montana Yellowstone Home
10%
North Dakota Bison Ranch Lodge
5%
Alaska Northern Light Lookout
5%
Hawaii Ocean Front Villa
5%
Minnesota The Lakehouse
5%
Colorado Valinor Ranch
5%
No matching quizzes found
Score Distribution
Percent of People with Each Score
Percentile by Number Answered
Your Score History
You have not taken this quiz since the last reset